Индикаторы устойчивого развития Томской области; Вып. 2

التفاصيل البيبلوغرافية
مؤلفون مشاركون: Томская область Администрация, Томская область Департамент природных ресурсов и охраны окружающей среды, Центр экологической политики и информации
مؤلفون آخرون: Кресс В. М. Виктор Мельхиорович (редактор)
الملخص:В работе представлены результаты разработки индикаторов устойчивого развития Томской области. В основе этого проекта лежит идея улучшения качества жизни людей, что является одной из самых важных задач, повседневно решаемых местной властью. Данная информация поможет в принятии управленческого решения органам власти, руководителям промышленности и бизнеса, будет полезна общественности и интересна широкому кругу читателей.
اللغة:الروسية
منشور في: Томск, Печатная мануфактура, 2004
الموضوعات:
التنسيق: كتاب
KOHA link:https://koha.lib.tpu.ru/cgi-bin/koha/opac-detail.pl?biblionumber=102095

MARC

LEADER 00000nam0a2200000 4500
001 102095
005 20231101214415.0
010 |a 5944760567 
035 |a (RuTPU)RU\TPU\book\110095 
090 |a 102095 
100 |a 20060919d2004 k y0rusy50 ca 
101 0 |a rus 
102 |a RU 
105 |a a iz 000zy 
200 1 |a Индикаторы устойчивого развития Томской области  |h Вып. 2  |f Администрация Томской области; Департамент природных ресурсов и охраны окружающей среды ; под ред. В. М. Кресса 
210 |a Томск  |c Печатная мануфактура  |d 2004 
215 |a 46 с.  |c ил. 
330 |a В работе представлены результаты разработки индикаторов устойчивого развития Томской области. В основе этого проекта лежит идея улучшения качества жизни людей, что является одной из самых важных задач, повседневно решаемых местной властью. Данная информация поможет в принятии управленческого решения органам власти, руководителям промышленности и бизнеса, будет полезна общественности и интересна широкому кругу читателей. 
610 1 |a экономика 
610 1 |a экономическое развитие 
610 1 |a Томск 
610 1 |a Томская область 
610 1 |a устойчивое развитие 
610 1 |a качество жизни 
686 |a У9(2Р53)  |v LBC/SL-A  |2 rubbk 
702 1 |a Кресс  |b В. М.  |g Виктор Мельхиорович  |4 340 
712 0 1 |a Томская область  |b Администрация  |2 stltpush  |3 (RuTPU)RU\TPU\col\449  |9 23442 
712 0 1 |a Томская область  |b Департамент природных ресурсов и охраны окружающей среды  |2 stltpush  |3 (RuTPU)RU\TPU\col\9844  |9 24751 
712 0 2 |a Центр экологической политики и информации  |2 stltpush  |3 (RuTPU)RU\TPU\col\9884 
801 1 |a RU  |b 63413507  |c 20060919  |g PSBO 
801 2 |a RU  |b 63413507  |c 20120131  |g PSBO 
942 |c BK